000
00362nam a2200133Ia 4500
008
231129s9999||||xx |||||||||||||| ||spa||
020
_a
84-7530-645-4
040
_b
spa
082
_a
194 D139d
100
_a
D'Alembert Jean Le Rond
245
0
_a
Discurso preliminar de la enciclopedia
264
_a
Orbis
942
_2
ddc
_c
BKS
999
_c
9640
_d
9640